Guatemala: documento del ejército guerrillero de los pobres
Uloženo v:
| Médium: | Text |
|---|---|
| Témata: | |
| Tagy: |
Přidat tag
Žádné tagy, Buďte první, kdo vytvoří štítek k tomuto záznamu!
|
MARC
| LEADER | 00000 a a2200000 04500 | ||
|---|---|---|---|
| 001 | 17893 | ||
| 003 | |||
| 040 | |||
| 245 | |a Guatemala: |b documento del ejército guerrillero de los pobres | ||
| 650 | |a FUERZAS ARMADAS | ||
| 650 | |a POBREZA | ||
| 650 | |a DEMOCRACIA | ||
| 650 | |a ECONOMIA | ||
| 650 | |a GUATEMALA | ||
| 773 | |g volumen 3, número 47. (1979) páginas 439-442 | ||
| 999 | |c 20442 |d 20442 | ||
| 773 | 0 | |0 42391 |9 3764 |a Agencia Latinoamericana de Información, ALAI |d Quito, Ecuador: ALAI |o 03843 |t ALAI: |x 08275564 (Servicio mensual de información y documentación) | |
